000 00269nam a22001217a 4500
082 _a920
_bRAO/W
100 _aRAO,L.S SESHAGIRI
245 _aWILLIAM SHAKESPEARE
260 _aBANGALORE
_bSAPNA BOOK HOUSE
300 _a46
650 _aBIOGRAPHY
_zBANGALORE
942 _cBK
999 _c6234
_d6234